01012nam a2200205 a 450000100100000000500170001000800410002704000250006811100990009324500900019226000390028230000210032150000730034270000290041504900090044495201110045395201200056495201050068499900170078900003568720200930074530.0111108s2009 dr 000 0 spa d aDO-SdBNPbspacBNPHU2 aMomerias de la reunión regional de alto niveln(8 y 9 de juniod2009cSanto Domingo )96161413aLa enseñanza de la folosofía en América Latina y el Caribe /cGrabiela Santoni. aSanto Domingo :bMediabyte,c2009. a143 p. ;c21 cm. aIncluye referencias bibliográficas y notas al pie de las páginas12aSantoni, Grabiela961615 aBNPD 0010718PDaPDbPDcCTd2011-11-08iLF1l0o p35687-10r2020-06-25te. 2w2020-06-25yLFPDZNo se presta 001054708DSaPDbPDcCTd2011-11-08iLF1l0o p35687-20r2020-06-25te. 3w2020-06-25yLFDSZPréstamo en sala 0010718PDaPDbPDcCTd2011-11-08iLF1l0o p35687-30r2020-06-25w2020-06-25yLFPDZNo se presta c35178d35178